[Event "BCF-chT3N 1718 (4NCL)"]
[Site "England"]
[Date "2018.03.17"]
[Round "7.26"]
[White "Nicholson, Jim WR"]
[Black "Hazlehurst, Cory S"]
[Result "1/2-1/2"]
[WhiteElo "1985"]
[BlackElo "1761"]
[PlyCount "54"]
[EventDate "2017.11.11"]
[EventType "team-swiss"]
[EventRounds "11"]
[EventCountry "ENG"]
[SourceTitle "EXT 2020"]
[Source "ChessBase"]
[SourceDate "2019.10.17"]
[SourceVersion "1"]
[SourceVersionDate "2019.10.17"]
[SourceQuality "1"]
[WhiteTeam "Bradford DCA Knights"]
[BlackTeam "3CS Oldham II"]
[WhiteTeamCountry "ENG"]
[BlackTeamCountry "ENG"]

1. d4 Nf6 2. Nf3 e6 3. Bg5 h6 4. Bh4 c5 5. e3 b6 6. Nbd2 Bb7 7. c3 cxd4 8. exd4 Be7 9. Bd3 d6 10. 0-0 0-0 11. a4 Nc6 12. Nc4 Nh5 13. Bxe7 Qxe7 14. Re1 Nf4 15. Bf1 Qc7 16. g3 Nd5 17. Nfd2 Nf6 18. Bg2 Nd8 19. Bxb7 Nxb7 20. Qf3 d5 21. Ne5 Nd6 22. Qe2 a6 23. Nb3 Rfb8 24. Ra2 Nfe4 25. f3 Nf6 26. Rea1 Nd7 27. Nd3 Nc4 1/2-1/2

[Event "BCF-ch Week2 AM op"]
[Site "Coventry"]
[Date "2015.08.05"]
[Round "3"]
[White "Snook Lumb, Chris"]
[Black "Hazlehurst, Cory S"]
[Result "1-0"]
[WhiteElo "1664"]
[BlackElo "2005"]
[PlyCount "40"]
[EventDate "2015.08.03"]
[EventType "swiss"]
[EventRounds "5"]
[EventCountry "ENG"]
[SourceTitle "CBM 167 Extra"]
[Source "ChessBase"]
[SourceDate "2015.09.14"]
[SourceVersion "1"]
[SourceVersionDate "2015.09.14"]
[SourceQuality "1"]

1. c4 Nf6 2. g3 e6 3. Bg2 a6 4. Nf3 b5 5. cxb5 axb5 6. Nd4 Ra5 7. 0-0 Be7 8. d3 c5 9. Nb3 Ra7 10. Bf4 Bb7 11. e4 0-0 12. Nc3 Bc6 13. d4 b4 14. d5 bxc3 15. d6 cxb2 16. dxe7 bxa1Q 17. exd8Q Qxd1 18. Qxf8+ Kxf8 19. Rxd1 Na6 20. Bd6+ Ke8 1-0

[Event "BCF-chT3 1011 (4NCL)"]
[Site "England"]
[Date "2011.02.19"]
[Round "5.47"]
[White "Wang, Maria"]
[Black "Hazlehurst, Cory S"]
[Result "0-1"]
[WhiteElo "1728"]
[BlackElo "1946"]
[PlyCount "92"]
[EventDate "2010.11.06"]
[EventType "team-swiss"]
[EventRounds "9"]
[EventCountry "ENG"]
[SourceTitle "EXT 2012"]
[Source "ChessBase"]
[SourceDate "2011.11.24"]
[SourceVersion "1"]
[SourceVersionDate "2011.11.24"]
[SourceQuality "1"]
[WhiteTeam "Oxford III"]
[BlackTeam "3CS Oldham II"]
[WhiteTeamCountry "ENG"]
[BlackTeamCountry "ENG"]

1. e4 c6 2. d4 d5 3. exd5 cxd5 4. c4 Nf6 5. Nc3 Nc6 6. Bg5 e6 7. Nf3 Be7 8. c5 Ne4 9. Bxe7 Nxe7 10. Qc2 Nxc3 11. Qxc3 a5 12. Ne5 0-0 13. a4 f6 14. Nf3 Bd7 15. Bb5 Nc6 16. Bxc6 Bxc6 17. 0-0 Qd7 18. b3 Rfb8 19. Ne1 b5 20. cxb6 Rxb6 21. Nd3 Qa7 22. Nc5 Bd7 23. Rfe1 Re8 24. Re3 Rc6 25. Qe1 Bc8 26. f4 Rxc5 27. dxc5 Qxc5 28. Rc1 Qb6 29. Kh1 d4 30. Rf3 Bb7 31. Rg3 e5 32. fxe5 fxe5 33. Qe2 Bd5 34. Qh5 g6 35. Re1 Qc6 36. Qh4 e4 37. h3 d3 38. Qg5 Bxb3 39. Qxa5 Qc2 40. Qa6 Bf7 41. Rf1 d2 42. Qf6 Rf8 43. Qd6 Qc1 44. Qf4 e3 45. Qf3 e2 46. Qxe2 Bc4 0-1

[Event "BCF-chT4 0506 (4NCL)"]
[Site "West Bromwich"]
[Date "2006.02.11"]
[Round "5.5"]
[White "Djabri, Katherine"]
[Black "Hazlehurst, Cory S"]
[Result "1-0"]
[WhiteElo "2065"]
[BlackElo "1945"]
[PlyCount "53"]
[EventDate "2005.11.05"]
[EventType "team"]
[EventRounds "11"]
[EventCountry "ENG"]
[SourceTitle "CBM 109 Extra"]
[Source "ChessBase"]
[SourceDate "2006.01.03"]
[SourceVersion "2"]
[SourceVersionDate "2006.01.03"]
[SourceQuality "1"]
[WhiteTeam "Metropolitan"]
[BlackTeam "3CS Oldham II"]
[WhiteTeamCountry "ENG"]
[BlackTeamCountry "ENG"]

1. e4 c6 2. d4 d5 3. exd5 cxd5 4. c4 Nf6 5. Nc3 e6 6. Nf3 Be7 7. Bf4 0-0 8. Bd3 b6 9. 0-0 Bb7 10. Re1 Nbd7 11. Qb3 dxc4 12. Bxc4 Nh5 13. Bg3 Nxg3 14. hxg3 Nf6 15. Rad1 Re8 16. Bxe6 Bxf3 17. Bxf7+ Kh8 18. gxf3 Rf8 19. Kg2 Qc7 20. Bd5 Rad8 21. Be4 a6 22. Bb1 Bd6 23. Rh1 Rf7 24. Bg6 Rfd7 25. Ne4 h6 26. Nxf6 gxf6 27. Rxh6+ 1-0

[Event "BCF-chT2 0304 (4NCL)"]
[Site "West Bromwich"]
[Date "2004.05.03"]
[Round "9.7"]
[White "Collier, David"]
[Black "Hazlehurst, Cory S"]
[Result "1/2-1/2"]
[WhiteElo "2225"]
[BlackElo "1608"]
[PlyCount "55"]
[EventDate "2003.11.17"]
[EventType "team"]
[EventRounds "11"]
[EventCountry "ENG"]
[SourceTitle "EXT 2005"]
[Source "ChessBase"]
[SourceDate "2004.11.15"]
[SourceVersion "1"]
[SourceVersionDate "2004.11.15"]
[SourceQuality "1"]
[WhiteTeam "Bristol"]
[BlackTeam "Numerica 3CS II"]
[WhiteTeamCountry "ENG"]
[BlackTeamCountry "ENG"]

1. e4 c6 2. d4 d5 3. e5 Bf5 4. Nc3 Qb6 5. g4 Bd7 6. f4 e6 7. Nf3 c5 8. Ne2 Nc6 9. c3 Rc8 10. Bh3 cxd4 11. Nexd4 h5 12. g5 g6 13. Nb3 Na5 14. Nxa5 Qxa5 15. Be3 Qb5 16. Qd2 Bc5 17. Bxc5 Qxc5 18. Nd4 Ne7 19. Bf1 a6 20. a4 Nc6 21. Nxc6 Rxc6 22. Ra3 0-0 23. b4 Qe7 24. Bd3 Rfc8 25. 0-0 Be8 26. Rb3 Qc7 27. Rc1 Rb6 28. a5 1/2-1/2